000 00331nam a2200145Ia 4500
008 150201s2011 xx 000 0 und d
082 _a615
_bP11S
100 _aSETH, S.D.
245 _aTB. OF PHARMACOLOGY
250 _a3RD
260 _bELAEVIER
_aDELHI
_c2011
300 _a1-450
650 _aPHARMACOLOGY
942 _2ddc
_cBK
_09
999 _c1262
_d1262